000
00280nam a2200109Ia 4500
001
589028
005
20250717120841.0
008
250717s9999 xx 000 0 und d
245
0
_a
X-1 VELİNİN ELMA AĞACI
_c
AYLA ÇINAROĞLU
260
_b
UÇANBALIK YAYINLARI
_c
2018
300
_b
16
999
_c
589028
_d
589028